|
|
|
|
| LEADER |
00000nam0a2200000 4500 |
| 001 |
108978 |
| 005 |
20231101214833.0 |
| 010 |
|
|
|a 5895940781
|
| 035 |
|
|
|a (RuTPU)RU\TPU\book\117634
|
| 090 |
|
|
|a 108978
|
| 100 |
|
|
|a 20070129d2003 km y0rusy50 ca
|
| 101 |
0 |
|
|a rus
|
| 102 |
|
|
|a RU
|
| 105 |
|
|
|a a z 001zy
|
| 200 |
1 |
|
|a Водород в конструкционных сталях
|f Г. Н. Касаткин
|
| 210 |
|
|
|a Москва
|c Интермет Инжиниринг
|d 2003
|
| 215 |
|
|
|a 336 с.
|c ил.
|
| 320 |
|
|
|a Библиогр.: с. 317-335.
|
| 330 |
|
|
|a Приведены данные о дефектах водородного происхождения в средне-легированных конструкционных сталях и трубных сталях, использующихся для строительства трубопроводов большого диаметра. Описан оригинальный прибор и метод анализа водорода из проб при выплавке конструкционных сталей в различных металлургических агрегатах. Предназначена для работников металлургических предприятий и может быть полезна преподавателям и студентам вузов металлургического профиля.
|
| 606 |
1 |
|
|a Водород в стали
|2 stltpush
|3 (RuTPU)RU\TPU\subj\22071
|9 46954
|
| 610 |
1 |
|
|a металлургия
|
| 610 |
1 |
|
|a конструкционные стали
|
| 610 |
1 |
|
|a определение
|
| 610 |
1 |
|
|a приборы
|
| 610 |
1 |
|
|a инертные среды
|
| 610 |
1 |
|
|a экстракция
|
| 610 |
1 |
|
|a жидкая сталь
|
| 610 |
1 |
|
|a отбор
|
| 610 |
1 |
|
|a выплавка
|
| 610 |
1 |
|
|a отливки
|
| 610 |
1 |
|
|a водородные дефекты
|
| 610 |
1 |
|
|a конструкционные стали
|
| 610 |
1 |
|
|a трубная сталь
|
| 610 |
1 |
|
|a трещинообразование
|
| 675 |
|
|
|a 669.15'7
|v 3
|
| 700 |
|
1 |
|a Касаткин
|b Г. Н.
|g Георгий Николаевич
|
| 801 |
|
1 |
|a RU
|b 63413507
|c 20070129
|g PSBO
|
| 801 |
|
2 |
|a RU
|b 63413507
|c 20150318
|g PSBO
|
| 942 |
|
|
|c BK
|
| 959 |
|
|
|a 10/20070129
|d 1
|e 358,00
|f ЧЗТЛ:1
|